|
|
|
|
| LEADER |
00985nam a2200253 a 4500 |
| 001 |
11887233 |
| 008 |
090622s2001 njua b 001 0 eng d |
| 010 |
|
|
|a \\\00021718
|
| 020 |
|
|
|z 089603687X (alk. paper)
|
| 020 |
|
|
|a 089603867X (alk. paper)
|
| 040 |
|
|
|a DLC
|c DLC
|d DLC
|
| 082 |
0 |
0 |
|a 664/.001/579
|2 21
|
| 245 |
0 |
0 |
|a Food microbiology protocols /
|c edited by John F.T. Spencer and Alicia L. Ragout de Spencer.
|
| 260 |
|
|
|a Totowa, NJ :
|b Humana Press,
|c c2001.
|
| 300 |
|
|
|a xiv, 495 p. :
|b ill. ;
|c 24 cm.
|
| 490 |
1 |
|
|a Methods in biotechnology ;
|v 14
|
| 504 |
|
|
|a Includes bibliographical references and index.
|
| 541 |
1 |
|
|e 00016622
|
| 650 |
|
0 |
|a Food
|x Microbiology.
|
| 700 |
1 |
|
|a Spencer, J. F. T.
|
| 700 |
1 |
|
|a Ragout de Spencer, Alicia L.
|
| 852 |
4 |
|
|a Ayesha Abed Library
|j General shelf
|
| 999 |
|
|
|c 1639
|d 1639
|
| 952 |
|
|
|0 0
|1 0
|2 ddc
|4 0
|6 664_001579000000000_FOO_2001
|7 0
|9 1504
|a BRACUL
|b BRACUL
|c GEN
|d 2009-06-28
|l 4
|m 43
|o 664.001579 FOO
|p 3010016622
|r 2025-07-08
|s 2024-12-21
|t 1
|w 2009-06-28
|y BK
|